000 00768nam a2200205Ia 4500
001 11183
003 GE_BSU
008 181216s||||||||xx |||||||||||||| ||und||
040 _cGE_BSU
080 _a031
245 _aЕжегодник большой советской энциклопедии.1976.Вып.20-ый.
245 _cГл.ред.С.М.Ковапев. Ред.коллегия:Л.М.Воподарский,А.Н.Игнатьев,В.В.Кузнецов и др.
260 _aМосква
260 _bСоветская энциклопедия.
260 _c1976.
300 _a621стр,27см.
300 _eс;илл.
653 _aЕжегодник большой советской энциклопедии.1976.Вып.20-ый.
942 _cBK
999 _c44417
_d44417